| 000 | 00640nam a22001935i 4500 | ||
|---|---|---|---|
| 001 | 48417 | ||
| 003 | ES-MaACL | ||
| 005 | 20251005063041.0 | ||
| 007 | t| | ||
| 008 | 950714s1870 fr a ||||1| fre d | ||
| 040 |
_aCAM _bspa _cCAM |
||
| 100 | 1 |
_aDebay, Auguste, _d1802-1890 _943113 |
|
| 245 | 1 | 0 |
_aHistoire naturelle de l'homme et de la femme depuis leur apparition sur le globe terrestre jusqu'a nos jours _b: race humaine primitive... / _cpar A. Debay. |
| 250 | _a6e éd. | ||
| 260 |
_aParis : _bE. Dentu, _c1870. |
||
| 300 |
_aVI, 473 p., IX h. de lám. ; _c19 cm. |
||
| 852 |
_aES-MaACL _jD-3757 |
||
| 999 |
_c48417 _d48417 |
||